| 000 | 00743nam a22001337a 4500 | ||
|---|---|---|---|
| 040 | _cRUA | ||
| 082 | _aLMA HOR 2017 B652 Or.1 | ||
| 100 | _aHORM SREYKHECH ហម ស្រីខិច | ||
| 245 | _astudy on any tool of land for contribute to delvelopment urban in sambour commune, siem reab district, siem reab province សិក្សារពីឧបករណ៏ដីធ្លីមួយចំនួនដើម្បីចូលរួមចំណែកការអភិវឌ្ឍន៏ជនបទក្នុងសង្កាត់សំបូរ ក្រុងសៀមរាបខេត្តសៀមរាម | ||
| 260 |
_aRUA _bPhnom penh _c2017 |
||
| 300 |
_av;49p _bill; _c29cm |
||
| 856 | _uHORM SREYKHECH | ||
| 942 | _cLMA | ||
| 999 |
_c18482 _d18482 |
||